00333nam a22001457a 4500003000400000005001700004020001800021082001400039100001900053245004200072250000900114260003500123300000800158650002100166SGT20260701154314.0 a9789364440844 a612bG25B aBARRET, KIM E. aGANONG'S REVIEW OF MEDICAL PHYSIOLOGY a27TH aINDIA bMC GRAW HIL PUB c2025 a770 aHUMAN PHYSIOLOGY